000
00260 a2200121 4500
000
nam a22 7a 4500
005
20260413125941.0
100
_a
Mano
_9
1233934
245
_a
Digital design
250
_a
6th ed
260
_b
Pearson
_c
2026
942
_c
TEXL
999
_c
1848256
_d
1848256